Learning English
Αποθηκεύτηκε σε:
| Κύριος συγγραφέας: | |
|---|---|
| Άλλοι συγγραφείς: | |
| Μορφή: | Βιβλίο |
| Γλώσσα: | English |
| Δημοσίευση: |
[London] :
Longmans,
[1961]
|
| Θέματα: | |
| Ετικέτες: |
Προσθήκη ετικέτας
Δεν υπάρχουν, Καταχωρήστε ετικέτα πρώτοι!
|
MARC
| LEADER | 00000cam a2200000 i 4500 | ||
|---|---|---|---|
| 001 | 1/98134 | ||
| 008 | 081125r19611958 eng d | ||
| 035 | |l 10101980 | ||
| 040 | |a GR-MY-UA |b gre |e aacr | ||
| 041 | 0 | |a eng | |
| 082 | 0 | |a 428.6 |2 (22) | |
| 100 | 1 | |a Miller, J. M. | |
| 245 | 1 | 0 | |a Learning English / |c J.M. Miller ; illustrated by Dorothy Heather |
| 260 | |a [London] : |b Longmans, |c [1961] | ||
| 300 | |a 4 τ.; |c 21 εκ. | ||
| 505 | 0 | |a Τ.1. Book oneτ.2. Book twoτ.3. Book threeτ.4. Book four | |
| 650 | 0 | 0 | |a English language |x Study and teaching (Elementary) |x Foreign speakers. |
| 650 | 0 | 0 | |a Readers (Elementary) |
| 700 | 1 | |a Heather, Dorothy. |4 ill | |
| 852 | |a INST |b RHODES |c AKA |e 20081125 |h 428.6 MIL |p 005400031325 |q 005400031325 |t BK |v τ.1: |y 0 |z τ.1 | ||
| 852 | |a INST |b RHODES |c AKA |e 20081125 |h 428.6 MIL |p 005400031326 |q 005400031326 |t BK |v τ.4: |y 0 |z τ.4 | ||
| 853 | |a INST |b RHODES |c AKA |h 428.6 MIL | ||
| 901 | |a BIBL4-2008-3 | ||
| 909 | |a Ρ |b 153675 | ||
| 909 | |a Ρ |b 153674 | ||
| 970 | |a ΚΟΖΑ |b ΜΑΡΙΑ |z 2008/11/25 | ||